Britain's Top 10 Favourite foods - Statistics

General Stats
  • This quiz has been taken 45 times
  • The average score is 2 of 10
Answer Stats
Answer % Correct
Fish and Chips
78%
Bangers and Mash
23%
Beans on Toast
18%
Chips
18%
English Breakfast
15%
Roast Beef
15%
Roast Chicken
13%
Soup
8%
Mashed Potatoes
3%
Rib Eye Steak
3%
No matching quizzes found
Score Distribution
Percent of People with Each Score
Percentile by Number Answered
Your Score History
You have not taken this quiz